| 000 | 00645nam a22001937a 4500 | ||
|---|---|---|---|
| 999 |
_c16544 _d16544 |
||
| 003 | OSt | ||
| 005 | 20171006112349.0 | ||
| 008 | 171006b xxu||||| |||| 00| 0 eng d | ||
| 020 | _a9789966496599 | ||
| 040 |
_aKABU _cKABU |
||
| 050 |
_aBV1547 _b.L58 2003 Bk2 |
||
| 245 |
_aLiving the promise _bchristian religious education : student's book 2 / _cAlice Gunyali ... [et al.] |
||
| 246 | _aChristian religious education : student's book 2 | ||
| 260 |
_aNairobi _bLonghorn _c2003 |
||
| 300 | _av, 137 p. | ||
| 650 | _aChristian religious education | ||
| 700 | _aGunyali, Alice | ||
| 942 |
_2lcc _cBK _hBV1547 _i.L58 2003 Bk2 |
||